000 00565nam a2200217Ia 4500
003 OSt
005 20221007063055.0
006 a|||||r|||| 00| 0
007 ta
008 221006b |||||||| |||| 00| 0 eng d
024 _a10,472
037 _cTextual
040 _aFLL
_cFLL
_beng
041 _2eng
_aeng
082 _aZ1z7, L1;1
245 0 _aIntroduction to the study of comparative law
260 _aBombay
_bN.M. Tripathi Pvt. Ltd. India
_c1971
300 _a174p
_ccm.
942 _hZ1z7, L1;1
_cTEXL
_2CC
999 _c1130299
_d1130299